Ballet : la danza teatral en Barcelona / la danza teatral en Barcelona /
Descripción Física:
Il·lustracions
Colección:
San Jorge,
; núm. 14 (abril 1954), pàg 81-96
Otros Autores:
Batlles, Ramon, 1901-1983
,
Compte, Josep, 1910-1987
,
Català-Roca, Francesc, 1922-1998
Idioma:
Español
MARC
| LEADER | 00000naa a2200000 a 4500 | ||
|---|---|---|---|
| 003 | Arxiu | ||
| 005 | 20260324181052.0 | ||
| 008 | 160829s1954 spcaxx s spa c | ||
| 040 | |a agdb | ||
| 100 | 1 | |a Luján, Néstor, |d 1922-1995 |9 25894 | |
| 245 | 1 | 0 | |a Ballet : |b la danza teatral en Barcelona / |c por Néstor Luján |
| 300 | |b Il·lustracions | ||
| 490 | |a San Jorge, |v núm. 14 (abril 1954), pàg 81-96 | ||
| 590 | |a Fotografies de: Batlles Compte, Catala Roca, Francesc | ||
| 650 | 0 | |a Ballet |z Barcelona (Catalunya) |x Història |9 46462 | |
| 700 | 1 | |9 54922 |a Batlles, Ramon, |d 1901-1983 |e fotografies | |
| 700 | 1 | |9 54923 |a Compte, Josep, |d 1910-1987 |e fotografies | |
| 700 | 1 | |9 26722 |a Català-Roca, Francesc, |d 1922-1998 |e fotografies | |
| 773 | |g Núm. 14 (abril 1954), pàg 81 - 96 |t San Jorge. | ||
| 901 | |a Arxiu | ||
| 942 | |n 1 |2 udc |c ART | ||
| 952 | |0 0 |1 0 |4 0 |6 REV509 |7 1 |9 64781 |a Arxiu |b Arxiu |d 2022-12-13 |l 0 |o Rev-509 |r 2022-12-13 00:00:00 |w 2022-12-13 |y ARXIU | ||
| 999 | |c 57088 |d 57088 | ||